Hacer ecoteología

সংরক্ষণ করুন:
গ্রন্থ-পঞ্জীর বিবরন
প্রধান লেখক: Hedström, Ingemar
সংস্থা লেখক: Departamento Ecuménico de Investigaciones (DEI)
বিন্যাস: গ্রন্থ
ভাষা:Spanish
প্রকাশিত: San José, Costa Rica DEI 1986
বিষয়গুলি:
ট্যাগগুলো: ট্যাগ যুক্ত করুন
কোনো ট্যাগ নেই, প্রথমজন হিসাবে ট্যাগ করুন!

MARC

LEADER 00000nam a22000007a 4500
003 cru CIDCACS/IIS
005 20180915062530.0
008 180910b1986 cr ||||| |||| 00| 0 spa d
999 |c 41663  |d 41663 
040 |c cru CIDCACS/IIS 
090 4 |a REV0750 (4) 1986 
100 1 |9 7662  |a Hedström, Ingemar 
110 2 |9 7636  |a Departamento Ecuménico de Investigaciones (DEI) 
245 1 |a Hacer ecoteología  |c Ingemar Hedström 
260 |a San José, Costa Rica  |b DEI  |c 1986 
300 |a 11-14 páginas 
650 1 0 |9 2020  |a ECOLOGIA 
650 1 0 |9 1007  |a NATURALEZA 
650 1 0 |9 2022  |a DETERIORO AMBIENTAL 
650 1 0 |a TEOLOGIA  |9 4606 
773 0 |0 41641  |9 2230  |a Departamento Ecuménico de Investigaciones (DEI)  |d San José, Costa Rica Departamento Ecuménico de Investigaciones (DEI)  |o 20022  |t Pasos / 
942 |2 ddc  |c PP